000 00780nam a22002177a 4500
999 _c5360
_d5360
003 AR-CdUCM
008 190312b ||||| |||| 00| 0 spa d
040 _aMUNICIPALIDAD PROVINCIAL DEL CUSCO
_cBIBLIOTECA MUNICIPAL DEL CUSCO
082 _a270.6 /
_bF96
100 _aFunck-Brentano, Frantz
_916172
245 _aLutero /
260 _aMéxico :
_bDiana,
_c1953.
300 _a397 páginas ;
_bilustraciones, láminas,
_c19 cm.
505 _aContenido: Roma -- Primeros pasos -- En la universidad -- El camino de Damasco -- El sacerdocio -- Wittenberg -- Las indulgencias ...
650 _aLutero
_916173
650 _aBiografía histórica
_92157
650 _aEuropa
_91221
700 _aLissarrague Novoa, Salvador (prólogo)
_916174
942 _2ddc
_cLIBROS
945 _aachl